| 000 | 00779aam a2200313 4500 | ||
|---|---|---|---|
| 005 | 20240319132102.0 | ||
| 008 | 150413b xxu||||| |||| 00| 0 spa d | ||
| 020 | _a9788479275853 | ||
| 041 | _aESP | ||
| 082 | _a658.84 G665o | ||
| 100 |
_aGordon, Trevor _933142 |
||
| 100 |
_aPaine, Henry _933143 |
||
| 245 | _aLa oficina interconectada | ||
| 260 | _aEspaña | ||
| 260 | _bRobinbook | ||
| 260 | _c2002 | ||
| 300 | _a272 páginas | ||
| 650 | _aCOMERCIO ELECTRÓNICO | ||
| 650 | _aREDES | ||
| 650 | _aINTERNET | ||
| 650 | _aADMINISTRACIÓN DE EMPRESAS | ||
| 650 | _aNEGOCIOS | ||
| 650 | _aCREACIÓN DE SITIOS WEB | ||
| 650 | _aVIRUS INFORMÁTICOS | ||
| 650 | _aPIRATAS INFORMÁTICOS | ||
| 650 | _aOFICINA AUTOMATIZADA | ||
| 942 |
_cBK _2ddc |
||
| 999 |
_c4522 _d4522 |
||